[Event "Goldener Springer"]
[Site "Bad Zwesten"]
[Date "2016.??.??"]
[Round "1.1"]
[White "Maar, Samuel"]
[Black "Schmehl, Torsten"]
[Result "1-0"]
[WhiteElo "1872"]
[BlackElo "1731"]
[PlyCount "93"]
[EventDate "2016.??.??"]
[WhiteTeam "SC Kaufungen"]
[BlackTeam "Homberger SC"]

1. e4 e6 2. d4 d5 3. Nd2 c5 4. Ngf3 a6 5. Be2 Nc6 6. dxc5 Bxc5 7. Nb3 Be7 8.
exd5 Qxd5 9. Qxd5 exd5 10. Bd2 Nf6 11. O-O O-O 12. Rfe1 Re8 13. Bc3 Bf5 14.
Nfd4 Nxd4 15. Nxd4 Bg6 16. a3 Ne4 17. Bb4 Bxb4 18. axb4 Nd6 19. Bf3 Be4 20.
Bxe4 dxe4 21. Rad1 Rad8 22. b3 Nb5 23. Nxb5 axb5 24. Kf1 f5 25. Ke2 Kf7 26. Rd2
Rxd2+ 27. Kxd2 Rd8+ 28. Kc3 Rc8+ 29. Kb2 Rd8 30. Re2 Rd4 31. c3 Rd6 32. c4 bxc4
33. bxc4 Ke7 34. c5 Re6 35. Kc3 Kd7 36. b5 Rf6 37. Kc4 Kc7 38. f3 exf3 39. gxf3
Rf7 40. b6+ Kd8 41. Ra2 Rd7 42. c6 bxc6 43. Ra8+ Ke7 44. Ra7 Kd6 45. b7 Rxb7
46. Rxb7 Ke5 47. Kd3 1-0

[Event "Goldener Springer"]
[Site "Bad Zwesten"]
[Date "2016.??.??"]
[Round "1.2"]
[White "Lange, Lars"]
[Black "Gurnik, Michael"]
[Result "1/2-1/2"]
[WhiteElo "1450"]
[BlackElo "1678"]
[PlyCount "47"]
[EventDate "2016.??.??"]
[WhiteTeam "Sfr. Kelkheim"]
[BlackTeam "Grauer Turm Fritzlar"]

1. d4 d5 2. c4 e6 3. Nc3 Nf6 4. Bg5 Nbd7 5. e3 c6 6. Nf3 Be7 7. Bd3 h6 8. Bh4
O-O 9. Qc2 c5 10. O-O cxd4 11. Nxd4 dxc4 12. Bxc4 Nb6 13. Bd3 Bd7 14. Rfd1 Nbd5
15. Nxd5 Nxd5 16. Bxe7 Qxe7 17. a3 Rac8 18. Qb3 Rc7 19. Rac1 Rfc8 20. Rxc7 Rxc7
21. Nb5 Bxb5 22. Bxb5 Qc5 23. Bd3 Qb6 24. Qxb6 1/2-1/2

[Event "Goldener Springer"]
[Site "Bad Zwesten"]
[Date "2016.??.??"]
[Round "1.3"]
[White "Koerber, Thomas"]
[Black "Filmann, Andreas"]
[Result "1/2-1/2"]
[WhiteElo "1809"]
[BlackElo "1658"]
[PlyCount "64"]
[EventDate "2016.??.??"]
[WhiteTeam "Bad Emstal"]
[BlackTeam "SV Kinzigtal"]

1. e4 d6 2. Nf3 Nf6 3. Nc3 e5 4. Be2 Be7 5. d4 Nbd7 6. O-O O-O 7. Be3 Re8 8. d5
Ng4 9. Qd2 Nxe3 10. Qxe3 a6 11. a4 Nf6 12. h3 h6 13. Nh2 Nh7 14. f4 exf4 15.
Qxf4 Rf8 16. Nf3 Ng5 17. Nxg5 Bxg5 18. Qf3 Qf6 19. Qxf6 Bxf6 20. Rf3 Bd7 21.
Nd1 Bd4+ 22. Kh1 f5 23. c3 Be5 24. Bd3 fxe4 25. Bxe4 Rxf3 26. Bxf3 Rf8 27. Nf2
Rf4 28. a5 Rf8 29. Nd3 Bxh3 30. Nxe5 dxe5 31. Re1 Bd7 32. Rxe5 Re8 1/2-1/2

[Event "Goldener Springer"]
[Site "Bad Zwesten"]
[Date "2016.??.??"]
[Round "1.4"]
[White "Telljohann, Sven"]
[Black "Wolff, Peter"]
[Result "1-0"]
[WhiteElo "2408"]
[BlackElo "1957"]
[PlyCount "77"]
[EventDate "2016.??.??"]
[WhiteTeam "SF Schöneck"]
[BlackTeam "VSG Offenbach"]

1. Nf3 d5 2. g3 Nf6 3. Bg2 Bf5 4. O-O e6 5. c4 c6 6. d3 h6 7. Be3 Nbd7 8. Qb3
b6 9. Nd4 Nc5 10. Qd1 Rc8 11. b4 Nb7 12. Qa4 Qc7 13. cxd5 b5 14. Qxa7 Nxd5 15.
Nxf5 exf5 16. Bxd5 cxd5 17. Qd4 Bd6 18. Qxd5 O-O 19. Qxf5 Rfe8 20. Qf3 Bxb4 21.
Nd2 Ba3 22. Rab1 Nd6 23. Bf4 Qc2 24. Bxd6 Bxd6 25. Ne4 Be5 26. Rxb5 Qxa2 27. d4
Bc7 28. e3 Qa8 29. Nd2 Qa2 30. Nb3 Rb8 31. Rxb8 Rxb8 32. Nc5 Rb2 33. Qc6 Ba5
34. Qe8+ Kh7 35. Nd7 Bd2 36. Nf8+ Kg8 37. Ne6+ Kh7 38. Qxf7 Bxe3 39. Qxg7# 1-0

[Event "Goldener Springer"]
[Site "Bad Zwesten"]
[Date "2016.??.??"]
[Round "1.5"]
[White "Gurnik, Christoph"]
[Black "Schlachowitsch, Markus"]
[Result "0-1"]
[WhiteElo "1217"]
[BlackElo "1987"]
[Annotator "Lotz,Kolja Alecsander"]
[PlyCount "25"]
[EventDate "2016.??.??"]
[WhiteTeam "Grauer Turm Fritzlar"]
[BlackTeam "TG Wehlheiden"]

1. e4 g6 2. d4 Bg7 3. e5 d6 4. exd6 cxd6 5. Nf3 e6 6. Bg5 Nf6 7. Nbd2 h6 8. Bf4
Nh5 9. Be3 O-O 10. Bd3 e5 11. c3 Nf6 12. O-O Nc6 13. Qc2 {im 20. Zug} 0-1

[Event "Goldener Springer"]
[Site "Bad Zwesten"]
[Date "2016.??.??"]
[Round "1.6"]
[White "Reichel, Rolf"]
[Black "Michalczak, Thomas"]
[Result "0-1"]
[WhiteElo "1786"]
[BlackElo "2199"]
[PlyCount "40"]
[EventDate "2016.??.??"]
[WhiteTeam "SC Brett vorm Kopp"]
[BlackTeam "SG Solingen"]

1. e4 c5 2. Nf3 Nc6 3. Bc4 e6 4. O-O a6 5. a4 d5 6. exd5 exd5 7. Bb3 Nf6 8. h3
Be7 9. c3 Bf5 10. d3 O-O 11. Nh4 Be6 12. Bf4 Qb6 13. Nd2 Na5 14. Rb1 Nxb3 15.
Qxb3 Qxb3 16. Nxb3 Nh5 17. Bg3 b5 18. axb5 axb5 19. Kh2 Nxg3 20. Kxg3 g5 0-1

[Event "Goldener Springer"]
[Site "Bad Zwesten"]
[Date "2016.??.??"]
[Round "1.8"]
[White "Pallesche, Hartmut"]
[Black "Zalewski, Ulrich"]
[Result "0-1"]
[WhiteElo "1723"]
[BlackElo "1801"]
[PlyCount "100"]
[EventDate "2016.??.??"]
[WhiteTeam "Grauer Turm Fritzlar"]
[BlackTeam "SK Gießen"]

1. e4 e5 2. Nf3 Nf6 3. Nxe5 d6 4. Nf3 Nxe4 5. d4 d5 6. Bf4 Bd6 7. Be3 O-O 8.
Be2 Nd7 9. Nbd2 Ndf6 10. c3 Re8 11. O-O c6 12. Re1 Qc7 13. Bf1 Bg4 14. Be2 Nxd2
15. Bxd2 Bxf3 16. Bxf3 Rxe1+ 17. Bxe1 Bxh2+ 18. Kf1 Bf4 19. g3 Bh6 20. Bd2 Bxd2
21. Qxd2 Re8 22. Kg2 Qe7 23. Rh1 Ne4 24. Qf4 Qf6 25. Bxe4 dxe4 26. Qxf6 gxf6
27. g4 Kg7 28. Kg3 e3 29. f3 Kg6 30. f4 f5 31. g5 e2 32. Kf2 Re4 33. Rh6+ Kg7
34. Ke1 Rxf4 35. Kxe2 Rg4 36. Kf3 Rxg5 37. Rd6 h5 38. d5 cxd5 39. Rxd5 h4 40.
Rd4 Rh5 41. Kg2 Kf6 42. Rd7 f4 43. Kh3 f3 44. Rd2 Rf5 45. Rd1 Rf4 46. Rf1 Ke5
47. Re1+ Re4 48. Rd1 Kf4 49. Kxh4 f2 50. Kh3 Kf3 0-1

[Event "Goldener Springer"]
[Site "Bad Zwesten"]
[Date "2016.??.??"]
[Round "1.9"]
[White "Lange, Martin"]
[Black "Humburg, Philipp"]
[Result "0-1"]
[WhiteElo "1822"]
[BlackElo "2261"]
[PlyCount "92"]
[EventDate "2016.??.??"]
[WhiteTeam "Sfr. Kelkheim"]
[BlackTeam "Kasseler SK"]

1. e4 c5 2. Nf3 Nc6 3. d4 cxd4 4. Nxd4 Nf6 5. Nc3 d6 6. f3 e5 7. Ndb5 a6 8. Na3
b5 9. Nd5 Nxd5 10. Qxd5 Qb6 11. c4 Be6 12. Qd3 bxc4 13. Nxc4 Qc5 14. Bd2 Be7
15. Rc1 Nd4 16. b4 Qa7 17. Be3 O-O 18. Bxd4 exd4 19. Be2 d5 20. exd5 Bxb4+ 21.
Kf2 Bxd5 22. Rhd1 Rfe8 23. Kf1 Bc5 24. Qf5 Rad8 25. Bd3 g6 26. Qf4 Re6 27. Re1
Qe7 28. Rxe6 Bxe6 29. Qd2 Bb4 30. Qe2 Re8 31. Qf2 Bc3 32. Rb1 Qc7 33. Qg3 Bxc4
34. Qxc7 Bxd3+ 35. Kf2 Bxb1 36. Qc6 Re6 37. Qc4 h6 38. a4 a5 39. g3 Bc2 40. Kf1
Bd1 41. Kf2 Be2 42. Qc7 Re3 43. f4 Bg4 44. Qc5 Re2+ 45. Kg1 Bh3 46. Qc7 Bd2 0-1

[Event "Goldener Springer"]
[Site "Bad Zwesten"]
[Date "2016.??.??"]
[Round "2.1"]
[White "Humburg, Philipp"]
[Black "Schmehl, Torsten"]
[Result "1-0"]
[WhiteElo "2261"]
[BlackElo "1731"]
[PlyCount "95"]
[EventDate "2017.??.??"]
[WhiteTeam "Kasseler SK"]
[BlackTeam "Homberger SC"]

1. c4 f5 2. d4 e6 3. g3 c6 4. Bg2 d5 5. Nf3 Nf6 6. O-O Bd6 7. Nc3 O-O 8. Qc2 a5
9. b3 Ne4 10. Ne5 Nd7 11. Nd3 Ndf6 12. f3 Nxc3 13. Qxc3 Qe7 14. Kh1 Bd7 15. Bf4
Bxf4 16. Nxf4 Be8 17. Qe3 Bf7 18. cxd5 Nxd5 19. Nxd5 cxd5 20. Rfc1 Rfc8 21. Qd2
b6 22. e4 fxe4 23. fxe4 Qd7 24. e5 Rxc1+ 25. Rxc1 Rc8 26. h4 Rxc1+ 27. Qxc1 h6
28. Bf1 Bg6 29. Bg2 Be8 30. Kg1 Qc6 31. Qd2 Bg6 32. Kf2 Qc2 33. Qxc2 Bxc2 34.
Bf3 Kf7 35. Ke3 Ke7 36. h5 Bb1 37. Kd2 Bh7 38. Be2 Be4 39. Kc3 g6 40. b4 axb4+
41. Kxb4 Bb1 42. Kb5 Bxa2 43. hxg6 Bb1 44. Bh5 Be4 45. g7 Bh7 46. Bg6 Bg8 47.
Kxb6 Bf7 48. Bh7 1-0

[Event "Goldener Springer"]
[Site "Bad Zwesten"]
[Date "2016.??.??"]
[Round "2.2"]
[White "Wolff, Peter"]
[Black "Lange, Lars"]
[Result "1/2-1/2"]
[WhiteElo "1957"]
[BlackElo "1450"]
[PlyCount "58"]
[EventDate "2017.??.??"]
[WhiteTeam "VSG Offenbach"]
[BlackTeam "Sfr. Kelkheim"]

1. c4 Nf6 2. g3 d5 3. cxd5 Nxd5 4. Bg2 c6 5. Nc3 g6 6. Qb3 e6 7. d3 Bg7 8. Nf3
Nxc3 9. bxc3 Qd5 10. Qa3 Nd7 11. Be3 c5 12. O-O O-O 13. Rab1 Rb8 14. c4 Qd6 15.
Qxa7 b6 16. Nd2 f5 17. Rb3 e5 18. Bd5+ Kh8 19. Nf3 f4 20. Bd2 Nf6 21. Rfb1 Nxd5
22. cxd5 Bg4 23. Rxb6 Rxb6 24. Rxb6 Qxd5 25. Rb7 fxg3 26. Rxg7 gxf2+ 27. Kxf2
Rxf3+ 28. exf3 Qxf3+ 29. Kg1 Qd1+ 1/2-1/2

[Event "Goldener Springer"]
[Site "Bad Zwesten"]
[Date "2016.??.??"]
[Round "2.3"]
[White "Filmann, Andreas"]
[Black "Maar, Samuel"]
[Result "1-0"]
[WhiteElo "1658"]
[BlackElo "1872"]
[PlyCount "115"]
[EventDate "2017.??.??"]
[WhiteTeam "SV Kinzigtal"]
[BlackTeam "SC Kaufungen"]

1. e4 e5 2. Nf3 d6 3. d4 exd4 4. Qxd4 Nf6 5. Nc3 Be7 6. Bc4 a6 7. a3 O-O 8. O-O
Nc6 9. Qd3 Nd7 10. Be3 Nde5 11. Nxe5 Nxe5 12. Qe2 Nxc4 13. Qxc4 Be6 14. Nd5 c6
15. Nxe7+ Qxe7 16. Qc3 f5 17. e5 f4 18. exd6 Qd7 19. Bc5 f3 20. Rfe1 Bd5 21.
Qd4 Rf6 22. Re7 Qf5 23. Rae1 Rg6 24. d7 h6 25. Re8+ Kh7 26. Qd3 Qg4 27. g3 Bc4
28. d8=Q Rxd8 29. Qxd8 Re6 30. R1xe6 Bxe6 31. Rxe6 Qxe6 32. Qd3+ g6 33. Qxf3
Qe1+ 34. Kg2 Qe6 35. Qe3 Qd5+ 36. f3 b5 37. Bd4 Qd6 38. Qe5 Qf8 39. Qf6 Qxf6
40. Bxf6 Kg8 41. g4 Kf7 42. Bd4 Ke6 43. Bg7 h5 44. gxh5 gxh5 45. Kg3 Kf5 46.
Bh6 a5 47. Bd2 a4 48. Kh4 Kg6 49. Be3 Kg7 50. Kxh5 Kh7 51. Bd4 c5 52. Bxc5 Kg7
53. Kg5 Kf7 54. h4 Kg8 55. Kg6 b4 56. Bxb4 Kh8 57. Bc3+ Kg8 58. h5 1-0

[Event "Goldener Springer"]
[Site "Bad Zwesten"]
[Date "2016.??.??"]
[Round "2.5"]
[White "Schlachowitsch, Markus"]
[Black "Koerber, Thomas"]
[Result "1/2-1/2"]
[WhiteElo "1987"]
[BlackElo "1809"]
[PlyCount "70"]
[EventDate "2017.??.??"]
[WhiteTeam "TG Wehlheiden"]
[BlackTeam "Bad Emstal"]

1. c4 e5 2. Nc3 Bb4 3. Nf3 Nc6 4. Nd5 e4 5. Nxb4 exf3 6. Nxc6 bxc6 7. gxf3 d5
8. e3 Qf6 9. d4 Ne7 10. Bd2 Rb8 11. Bc3 O-O 12. e4 Re8 13. e5 Qh6 14. Qd2 Qh5
15. Be2 Qh4 16. O-O-O Ng6 17. cxd5 cxd5 18. Rdg1 Bf5 19. Bd1 Re6 20. Rg5 Qh3
21. Rhg1 Qxh2 22. Qe1 Qf4+ 23. Qd2 Qh2 24. R1g3 Ne7 25. Rxg7+ Kf8 26. Bb4 Rc6+
27. Bc3 Bg6 28. R7xg6 hxg6 29. Ba4 Qh1+ 30. Kc2 Ra6 31. Bb3 Rc6 32. Qf4 Kg7 33.
Qg5 Re6 34. Ba4 c6 35. Kd2 Qh6 1/2-1/2

[Event "Goldener Springer"]
[Site "Bad Zwesten"]
[Date "2016.??.??"]
[Round "2.6"]
[White "Zalewski, Ulrich"]
[Black "Reichel, Rolf"]
[Result "1-0"]
[WhiteElo "1801"]
[BlackElo "1786"]
[PlyCount "71"]
[EventDate "2017.??.??"]
[WhiteTeam "SK Gießen"]
[BlackTeam "SC Brett vorm Kopp"]

1. e4 c5 2. Nf3 Nc6 3. d4 cxd4 4. Nxd4 a6 5. c4 Qc7 6. Nc3 e6 7. Be3 Nf6 8. a3
Be7 9. Be2 O-O 10. f4 d6 11. O-O Bd7 12. Nb3 Na7 13. Rc1 Bc6 14. Bf3 b6 15. Qe2
Qb7 16. Nd2 Rfd8 17. Qf2 b5 18. cxb5 Nxb5 19. Nxb5 axb5 20. Rfe1 Ra4 21. f5
Nxe4 22. Bxe4 Bxe4 23. fxe6 fxe6 24. b3 Ra6 25. Nxe4 Qxe4 26. Bb6 Qd5 27. Bxd8
Bxd8 28. Rf1 Bf6 29. Rc8+ Kf7 30. Rfc1 Qxb3 31. R8c7+ Kg6 32. Qe2 Ra4 33. Rb7
Qd5 34. Rxb5 Qd4+ 35. Kh1 Rxa3 36. Qh5# 1-0

[Event "Goldener Springer"]
[Site "Bad Zwesten"]
[Date "2016.??.??"]
[Round "2.8"]
[White "Michalczak, Thomas"]
[Black "Pallesche, Hartmut"]
[Result "1-0"]
[WhiteElo "2199"]
[BlackElo "1723"]
[PlyCount "35"]
[EventDate "2017.??.??"]
[WhiteTeam "SG Solingen"]
[BlackTeam "Grauer Turm Fritzlar"]

1. e4 c5 2. Nf3 Nc6 3. d4 cxd4 4. Nxd4 Qb6 5. Nb3 e6 6. Nc3 Bb4 7. Be3 Bxc3+ 8.
bxc3 Qc7 9. Bd3 Nge7 10. O-O Ng6 11. f4 O-O 12. Qh5 e5 13. f5 Nf4 14. Bxf4 exf4
15. f6 gxf6 16. e5 Re8 17. Qxh7+ Kf8 18. exf6 1-0

[Event "Goldener Springer"]
[Site "Bad Zwesten"]
[Date "2016.??.??"]
[Round "3.1"]
[White "Humburg, Philipp"]
[Black "Filmann, Andreas"]
[Result "1-0"]
[WhiteElo "2261"]
[BlackElo "1658"]
[PlyCount "35"]
[EventDate "2017.??.??"]
[WhiteTeam "Kasseler SK"]
[BlackTeam "SV Kinzigtal"]

1. Nf3 d6 2. d4 c5 3. dxc5 dxc5 4. Qxd8+ Kxd8 5. Nc3 f6 6. e4 Nc6 7. Be3 e5 8.
O-O-O+ Nd4 9. Nb5 Bd7 10. c3 Nxf3 11. gxf3 a6 12. Bh3 f5 13. Bxf5 Nf6 14. Bg5
axb5 15. Rxd7+ Ke8 16. Rxb7 Rxa2 17. Kb1 Ra5 18. Rd1 1-0

[Event "Goldener Springer"]
[Site "Bad Zwesten"]
[Date "2016.??.??"]
[Round "3.2"]
[White "Wolff, Peter"]
[Black "Telljohann, Sven"]
[Result "0-1"]
[WhiteElo "1957"]
[BlackElo "2408"]
[PlyCount "100"]
[EventDate "2017.??.??"]
[WhiteTeam "VSG Offenbach"]
[BlackTeam "SF Schöneck"]

1. c4 g6 2. g3 Bg7 3. Bg2 Nf6 4. Nf3 c6 5. O-O d5 6. cxd5 cxd5 7. Nc3 O-O 8. d3
Nc6 9. Bf4 d4 10. Nb5 Nd5 11. Qd2 Qb6 12. Na3 Nxf4 13. gxf4 Bh6 14. Kh1 Rd8 15.
Rac1 Be6 16. Nc4 Qb5 17. Ng5 Bd5 18. Rg1 Bxg2+ 19. Rxg2 Qf5 20. Rg3 Rac8 21.
Rcg1 b5 22. Na3 f6 23. Nh3 a6 24. b4 Qd5+ 25. R3g2 Ne5 26. Qb2 Nf7 27. Nb1 Rc6
28. Qb3 Qxb3 29. axb3 f5 30. Rd1 e5 31. fxe5 Nxe5 32. Ng5 Bxg5 33. Rxg5 Ng4 34.
Kg2 h6 35. Rxg4 fxg4 36. Kf1 Rdc8 37. Nd2 Rc1 38. Ke1 R8c3 39. Nb1 Rxd1+ 40.
Kxd1 Rxb3 41. Kc2 Rxb4 42. Nd2 Ra4 43. Kb2 Kg7 44. Ne4 b4 45. Kb3 Ra3+ 46. Kxb4
Ra2 47. e3 dxe3 48. fxe3 Rxh2 49. Nc5 g3 50. Ne6+ Kf6 0-1

[Event "Goldener Springer"]
[Site "Bad Zwesten"]
[Date "2017.??.??"]
[Round "3.3"]
[White "Michalczak, Thomas"]
[Black "Schlachowitsch, Markus"]
[Result "1-0"]
[WhiteElo "2199"]
[BlackElo "1987"]
[PlyCount "85"]
[EventDate "2017.??.??"]
[WhiteTeam "SG Solingen"]
[BlackTeam "TG Wehlheiden"]

1. e4 g6 2. d4 Bg7 3. Nc3 d6 4. Be3 c6 5. a4 b6 6. Nf3 Bb7 7. Be2 Nd7 8. O-O a6
9. Qd2 c5 10. d5 h6 11. Bf4 Ngf6 12. h3 Qc7 13. Bc4 Nh5 14. Bh2 Ne5 15. Nxe5
dxe5 16. Rad1 Rd8 17. Qe2 Qc8 18. Rfe1 O-O 19. g4 Nf4 20. Bxf4 exf4 21. e5 Kh8
22. Qe4 e6 23. Qxf4 b5 24. axb5 axb5 25. Nxb5 exd5 26. Bf1 Qe6 27. Bg2 Bc6 28.
Nc7 Qc8 29. Nxd5 Qb7 30. Qc4 Qxb2 31. Qxc5 Ba4 32. Rd2 Bxe5 33. Nb6 Bd4 34.
Rxd4 Qxd4 35. Qc7 Bb5 36. c4 Qc3 37. Re7 Kg7 38. cxb5 Rd1+ 39. Kh2 Qb4 40. Qe5+
Kg8 41. Nd5 Rxd5 42. Bxd5 Qd2 43. Rxf7 1-0

[Event "Goldener Springer"]
[Site "Bad Zwesten"]
[Date "2016.??.??"]
[Round "3.4"]
[White "Schnegelsberg, Karl Heinz"]
[Black "Zalewski, Ulrich"]
[Result "1-0"]
[WhiteElo "1987"]
[BlackElo "1801"]
[PlyCount "39"]
[EventDate "2017.??.??"]
[WhiteTeam "Kasseler SK"]
[BlackTeam "SK Gießen"]

1. Nf3 d5 2. d3 e6 3. Nbd2 f5 4. e4 dxe4 5. dxe4 Bc5 6. Bc4 fxe4 7. Nxe4 Qxd1+
8. Kxd1 Bb6 9. Re1 Ne7 10. Be3 O-O 11. Bxb6 axb6 12. Neg5 Rd8+ 13. Kc1 Nbc6 14.
Nxe6 Bxe6 15. Bxe6+ Kf8 16. c3 Rd6 17. Kc2 Nd8 18. Bc4 Nf7 19. Nd4 Rad8 20.
Ne6+ 1-0

[Event "Goldener Springer"]
[Site "Bad Zwesten"]
[Date "2016.??.??"]
[Round "3.5"]
[White "Lange, Lars"]
[Black "Lange, Martin"]
[Result "1/2-1/2"]
[WhiteElo "1450"]
[BlackElo "1822"]
[PlyCount "66"]
[EventDate "2017.??.??"]
[WhiteTeam "Sfr. Kelkheim"]
[BlackTeam "Sfr. Kelkheim"]

1. d4 Nf6 2. c4 g6 3. Nc3 d5 4. cxd5 Nxd5 5. e4 Nxc3 6. bxc3 Bg7 7. Bc4 c5 8.
Ne2 Nc6 9. Be3 O-O 10. O-O cxd4 11. cxd4 Bg4 12. f3 Na5 13. Bd3 Bd7 14. Qd2 Rc8
15. Rfc1 b6 16. Ba6 Rxc1+ 17. Rxc1 Bc6 18. Bh6 e6 19. Bxg7 Kxg7 20. Qc3 Kg8 21.
Nf4 Qd6 22. Nd3 Rd8 23. Ne5 Be8 24. Rd1 f6 25. Nc4 Nxc4 26. Bxc4 Rc8 27. Qb3
Kg7 28. Bxe6 Rc7 29. Qd5 Qxd5 30. Bxd5 Kf8 31. Rd2 Ke7 32. Kf2 Kd6 33. Ke2 Bb5+
1/2-1/2

[Event "Goldener Springer"]
[Site "Bad Zwesten"]
[Date "2016.??.??"]
[Round "3.6"]
[White "Maar, Samuel"]
[Black "Reichel, Rolf"]
[Result "1-0"]
[WhiteElo "1872"]
[BlackElo "1786"]
[PlyCount "67"]
[EventDate "2017.??.??"]
[WhiteTeam "SC Kaufungen"]
[BlackTeam "SC Brett vorm Kopp"]

1. e4 c5 2. Nf3 Nc6 3. d4 cxd4 4. Nxd4 e6 5. Be3 Bb4+ 6. c3 Be7 7. Nb5 d6 8.
Nd2 a6 9. Nd4 e5 10. Nxc6 bxc6 11. Nc4 Nf6 12. Qa4 O-O 13. O-O-O Bd7 14. Nxd6
c5 15. Qc2 Qa5 16. Bc4 Bc6 17. Nf5 Bd8 18. f3 g6 19. Nh6+ Kg7 20. g4 Ng8 21.
Nxg8 Kxg8 22. h4 Bb5 23. Bd5 Rc8 24. Bh6 Re8 25. h5 Bc6 26. hxg6 hxg6 27. Bxf7+
Kxf7 28. Qb3+ Re6 29. Rd6 Bd7 30. Rxd7+ Be7 31. Qd5 Rh8 32. Rxe7+ Kxe7 33. Bg5+
Kf7 34. Qd7+ 1-0

[Event "Goldener Springer"]
[Site "Bad Zwesten"]
[Date "2016.??.??"]
[Round "3.7"]
[White "Schmehl, Torsten"]
[Black "Pallesche, Hartmut"]
[Result "1-0"]
[WhiteElo "1731"]
[BlackElo "1723"]
[PlyCount "89"]
[EventDate "2017.??.??"]
[WhiteTeam "Homberger SC"]
[BlackTeam "Grauer Turm Fritzlar"]

1. d4 d5 2. c4 c6 3. cxd5 cxd5 4. Nc3 Nf6 5. Bf4 Bd7 6. Nf3 e6 7. e3 Nc6 8. Bd3
a6 9. h3 g6 10. O-O Bg7 11. Ne5 O-O 12. Nxc6 Bxc6 13. Rc1 Rc8 14. Qe2 Nd7 15.
Rfd1 e5 16. dxe5 Nxe5 17. Be4 dxe4 18. Rxd8 Rfxd8 19. Bxe5 Bxe5 20. Rd1 Re8 21.
g4 b5 22. a3 Re7 23. Nd5 Ree8 24. Nc3 Re7 25. Nd5 Ree8 26. Nc3 Re6 27. Nd5 Kg7
28. g5 h6 29. gxh6+ Kxh6 30. Nb4 Be8 31. Nd5 Kg7 32. Kg2 Bc6 33. Nb6 Rh8 34.
Nd7 Bd6 35. Nb6 Rh5 36. Qc2 Be5 37. Nd7 Bc7 38. Qc3+ f6 39. Qb4 Re8 40. Qc3
Ree5 41. Qb4 Kh6 42. Qf8+ Kg5 43. Qf7 Kf5 44. Nf8 Rg5+ 45. Kf1 1-0

[Event "Goldener Springer"]
[Site "Bad Zwesten"]
[Date "2016.??.??"]
[Round "4.1"]
[White "Telljohann, Sven"]
[Black "Humburg, Philipp"]
[Result "1-0"]
[WhiteElo "2408"]
[BlackElo "2261"]
[PlyCount "73"]
[EventDate "2016.??.??"]
[WhiteTeam "SF Schöneck"]
[BlackTeam "Kasseler SK"]

1. Nf3 Nf6 2. g3 d5 3. Bg2 c6 4. O-O Bg4 5. b3 e6 6. Bb2 Bd6 7. c4 O-O 8. d3
Nbd7 9. a3 e5 10. cxd5 cxd5 11. h3 Be6 12. Ng5 Bf5 13. Nc3 h6 14. Nf3 d4 15.
Nb5 Be7 16. a4 a6 17. Na3 Rc8 18. Nc4 Qc7 19. Rc1 Qb8 20. Qd2 Nc5 21. Ncxe5
Nxb3 22. Rxc8 Rxc8 23. Qf4 Be6 24. Nxd4 Nd5 25. Bxd5 Bxd5 26. Nf5 Bg5 27. Qg4
Be6 28. h4 g6 29. Nxg6 fxg6 30. Nxh6+ Bxh6 31. Qxe6+ Kf8 32. Qxb3 Rc6 33. Rb1
b6 34. Qd5 Qc8 35. Kg2 Re6 36. Bd4 Rxe2 37. Qf3+ 1-0

[Event "Goldener Springer"]
[Site "Bad Zwesten"]
[Date "2016.??.??"]
[Round "4.2"]
[White "Schnegelsberg, Karl Heinz"]
[Black "Michalczak, Thomas"]
[Result "0-1"]
[WhiteElo "1987"]
[BlackElo "2199"]
[PlyCount "78"]
[EventDate "2016.??.??"]
[WhiteTeam "Kasseler SK"]
[BlackTeam "SG Solingen"]

1. Nf3 Nf6 2. g3 g6 3. Bg2 Bg7 4. O-O O-O 5. d3 d6 6. e4 e5 7. Nbd2 c5 8. a4
Nc6 9. Nc4 h6 10. a5 Be6 11. Nfd2 d5 12. exd5 Bxd5 13. Bxd5 Qxd5 14. Qf3 Nd4
15. Qxd5 Nxd5 16. c3 Nc6 17. Ne4 b6 18. a6 f5 19. Ned6 Nc7 20. f4 Rfd8 21. fxe5
Nxe5 22. Nb7 Rxd3 23. Nxe5 Bxe5 24. Bxh6 Kh7 25. Bc1 Re8 26. Ra4 Nd5 27. Rh4+
Kg7 28. Bh6+ Kf7 29. g4 f4 30. c4 Ne3 31. Rh3 g5 32. Rb1 Bd4 33. Kh1 Nxg4 34.
Rxd3 Nf2+ 35. Kg2 Nxd3 36. h4 g4 37. Bg5 Kg6 38. Rf1 Re2+ 39. Kh1 g3 0-1

[Event "Goldener Springer"]
[Site "Bad Zwesten"]
[Date "2016.??.??"]
[Round "4.3"]
[White "Filmann, Andreas"]
[Black "Zalewski, Ulrich"]
[Result "0-1"]
[WhiteElo "1658"]
[BlackElo "1801"]
[PlyCount "58"]
[EventDate "2016.??.??"]
[WhiteTeam "SV Kinzigtal"]
[BlackTeam "SK Gießen"]

1. e4 e5 2. Nf3 Nf6 3. Nc3 Nc6 4. Bb5 Bb4 5. d3 Nd4 6. Bc4 b5 7. Bb3 Nxb3 8.
axb3 d6 9. O-O c6 10. Be3 a6 11. h3 Ba5 12. Ne2 Bb6 13. Bg5 h6 14. Bxf6 Qxf6
15. Ng3 g6 16. Qd2 Bxh3 17. Nh2 Be6 18. Kh1 Qh4 19. Qc3 Kd7 20. Qe1 f5 21. exf5
gxf5 22. Qe2 Rhg8 23. Qh5 Qxh5 24. Nxh5 Rg5 25. Ng3 Bd5 26. Nf3 Bxf3 27. gxf3
f4 28. Kg2 fxg3 29. fxg3 Rag8 0-1

[Event "Goldener Springer"]
[Site "Bad Zwesten"]
[Date "2016.??.??"]
[Round "4.4"]
[White "Schlachowitsch, Markus"]
[Black "Maar, Samuel"]
[Result "1-0"]
[WhiteElo "1987"]
[BlackElo "1872"]
[PlyCount "75"]
[EventDate "2016.??.??"]
[WhiteTeam "TG Wehlheiden"]
[BlackTeam "SC Kaufungen"]

1. e4 e5 2. Bc4 c6 3. d4 Nf6 4. Nf3 d5 5. exd5 e4 6. Ne5 cxd5 7. Be2 Be7 8. O-O
Nbd7 9. c4 O-O 10. Nc3 Nb6 11. c5 Nbd7 12. Bf4 Nb8 13. f3 Nc6 14. Nxc6 bxc6 15.
Qa4 Bd7 16. Rae1 exf3 17. Bxf3 Ne8 18. Qc2 Bf6 19. Be5 Nc7 20. Kh1 Ne6 21. Bxf6
Qxf6 22. Nxd5 Qd8 23. Nc3 Nxd4 24. Qa4 Nxf3 25. Rxf3 Qg5 26. h4 Qxc5 27. Ne4
Qh5 28. Ng3 Qb5 29. Qf4 Qxb2 30. Nh5 Be6 31. Rg3 g6 32. Re5 Qb1+ 33. Kh2 f5 34.
Rxe6 c5 35. Rexg6+ hxg6 36. Rxg6+ Kf7 37. Rf6+ Ke7 38. Qd6+ 1-0

[Event "Goldener Springer"]
[Site "Bad Zwesten"]
[Date "2016.??.??"]
[Round "4.5"]
[White "Koerber, Thomas"]
[Black "Lange, Lars"]
[Result "1-0"]
[WhiteElo "1809"]
[BlackElo "1450"]
[PlyCount "67"]
[EventDate "2016.??.??"]
[WhiteTeam "Bad Emstal"]
[BlackTeam "Sfr. Kelkheim"]

1. e4 c5 2. Nc3 Nc6 3. Nf3 d6 4. Bc4 Nf6 5. a3 g6 6. h3 Bg7 7. O-O O-O 8. d3
Bd7 9. Rb1 a6 10. Bd2 b5 11. Bd5 Nxd5 12. Nxd5 Ne5 13. Nh2 Bc6 14. Ne3 a5 15.
f4 Nd7 16. c3 c4 17. Qf3 Nc5 18. Neg4 Nxd3 19. Qe2 Qc7 20. f5 Qb7 21. f6 exf6
22. Nxf6+ Bxf6 23. Rxf6 Bxe4 24. Bh6 Rfe8 25. Rbf1 Qb6+ 26. Kh1 Bf5 27. Qd2 Re7
28. R6xf5 Rae8 29. Qg5 d5 30. Ng4 Re1 31. Nf6+ Kh8 32. Nxe8 Rxf1+ 33. Rxf1 Nf2+
34. Kh2 1-0

[Event "Goldener Springer"]
[Site "Bad Zwesten"]
[Date "2016.??.??"]
[Round "4.6"]
[White "Lange, Martin"]
[Black "Wolff, Peter"]
[Result "1-0"]
[WhiteElo "1822"]
[BlackElo "1957"]
[PlyCount "119"]
[EventDate "2016.??.??"]
[WhiteTeam "Sfr. Kelkheim"]
[BlackTeam "VSG Offenbach"]

1. e4 c6 2. d4 d5 3. Nc3 dxe4 4. Nxe4 Bf5 5. Ng3 Bg6 6. Nf3 Nd7 7. h4 h6 8. h5
Bh7 9. Bd3 Bxd3 10. Qxd3 e6 11. Bf4 Qa5+ 12. c3 Ngf6 13. Ne5 Be7 14. Ne4 Nxe4
15. Qxe4 Qd5 16. Qxd5 cxd5 17. f3 Nxe5 18. Bxe5 O-O 19. a4 Rfc8 20. Kd2 Rc6 21.
Kd3 Rac8 22. Rhe1 a6 23. g4 Rc4 24. Bg3 R8c6 25. f4 Bd6 26. Re3 Kf8 27. g5 hxg5
28. fxg5 Bxg3 29. Rxg3 Kg8 30. h6 g6 31. Rf3 Rc7 32. Raf1 R4c6 33. h7+ Kxh7 34.
Rxf7+ Kg8 35. Rxc7 Rxc7 36. Rf6 Rc6 37. Rxg6+ Kf7 38. Rf6+ Ke7 39. Rh6 Kf8 40.
Rh7 Rb6 41. b4 Kg8 42. Rc7 Kf8 43. g6 Kg8 44. Ke3 e5 45. dxe5 Rxg6 46. Rxb7 Rc6
47. Kd4 Rc4+ 48. Kxd5 Rxc3 49. Rb6 Rb3 50. e6 Kf8 51. Kc6 Ke7 52. a5 Kxe6 53.
Kb7+ Kd7 54. Kxa6 Kc8 55. b5 Rh3 56. Rb7 Rh6+ 57. b6 Rh5 58. Rg7 Rh8 59. Ka7
Rh5 60. b7+ 1-0